| 000 | 00562nam a2200169 a 4500 | ||
|---|---|---|---|
| 008 | 120416s1973 ||||||||||||||||| || u | ||
| 050 | _aHD 82 Uni | ||
| 100 | _aSeynes, Philippe de | ||
| 245 | 1 | 4 | _aThe case for development |
| 246 | _asix studies | ||
| 260 |
_aNew York _bPraeger _c1973 |
||
| 300 | _aix, 302p. | ||
| 350 | _a0.00 | ||
| 650 | _aECONOMIC DEVELOPMENT--CASE STUDIES | ||
| 650 | 0 | _aECONOMICS | |
| 995 |
_D0.00 _FCBU-MAIN LIBRARY (Kitwe) _H1 _I6.25 _M1 _UAVAILABLE _ZAnnex Low-Usage Collection |
||
| 999 |
_c36771 _d36771 |
||